| 000 | 00837nam a2200325 a 4500 | ||
|---|---|---|---|
| 003 | AR-BaBNM | ||
| 005 | 20251128203430.0 | ||
| 008 | 082120s2002 ||||||||||||||000 | spa|| | ||
| 040 | _cAR-BaBNM | ||
| 100 | 1 | _aBarret, François | |
| 245 | 0 | 0 | _aHistoria del trabajo |
| 260 |
_aBuenos Aires _bEudeba _c1961 |
||
| 300 |
_a77 p. _btablas |
||
| 490 | 0 |
_aCuadernos _vv. 36 |
|
| 500 | _aContiene referencias bibliográficas en notas a pie de página | ||
| 650 | 4 | _aTRABAJO | |
| 650 | 4 | _aMERCADO DE TRABAJO | |
| 650 | 4 | _aSIGLO DIECINUEVE | |
| 650 | 4 | _aHISTORIA POLITICA | |
| 650 | 4 | _aMERCADO DE TRABAJO | |
| 650 | 4 | _aSINDICATOS | |
| 650 | 4 | _aMOVIMIENTO OBRERO | |
| 651 | 4 | _aInglaterra | |
| 651 | 4 | _aURSS | |
| 651 | 4 | _aFrancia | |
| 651 | 4 | _aAlemania | |
| 700 | 1 |
_aPla, Alberto _etraductor |
|
| 942 | _cBK | ||
| 998 | _csilvi | ||
| 999 |
_c3364 _d3364 |
||